| 000 | 01067nam a22002057a 4500 | ||
|---|---|---|---|
| 005 | 20210325175945.0 | ||
| 008 | s2522 th tha d | ||
| 041 | _atha | ||
| 050 | _aDS585 พ352จ 2522 | ||
| 100 | 0 | _aพระพิศาลสุขุมวิท (ประสบ สุขุม) | |
| 245 | 1 | 0 | _aจดหมายเหตุของเสรีไทย : เกี่ยวกับปฏิบัติการใน แคนดี นิวเดลฮี และสหรัฐอเมริกา ระหว่างสงครามโลกครั้งที่ 2 [2nd] |
| 260 | 3 |
_aกรุงเทพฯ : _bอมรินทร์การพิมพ์, _c2522 |
|
| 300 |
_a407 หน้า : _b ภาพประกอบ, แผนที่ ; _c 19 ซม. |
||
| 650 | 0 | 4 | _aสงครามโลก, ค.ศ.1939--1945 -- งานใต้ดิน -- ไทย |
| 650 | 0 | 4 | _aเสรีไทย |
| 850 | _aNALT | ||
| 942 | _cGB | ||
| 997 | _c000000000008116 | ||
| 998 | _aAREERAT VICHACHANG | ||
| 999 |
_c8116 _d8116 |
||